|
|
|
|
| LEADER |
01276nam a2200385 a 4500 |
| 001 |
000488574 |
| 003 |
CZ BrMZK |
| 005 |
20090129145017.0 |
| 007 |
ta |
| 008 |
010907s2000 xr f cze d |
| 015 |
|
|
|a cnb000886383
|
| 020 |
|
|
|a 80-210-2326-0
|
| 035 |
|
|
|a (OCoLC)45963383
|
| 040 |
|
|
|a BOA001
|b cze
|
| 072 |
|
7 |
|a 80
|x Filologie
|2 Konspekt
|9 11
|
| 080 |
|
|
|a 80(=16)+908(4)
|2 MRF
|
| 080 |
|
|
|a 821.16
|2 MRF
|
| 080 |
|
|
|a 82.091
|2 MRF
|
| 080 |
|
|
|a (048.8)
|2 MRF
|
| 080 |
|
|
|a (082)
|2 MRF
|
| 100 |
1 |
|
|a Dorovský, Ivan,
|d 1935-2021
|7 jk01022745
|4 aut
|
| 245 |
1 |
0 |
|a Slované a Evropa /
|c Ivan Dorovský
|
| 250 |
|
|
|a Vyd. 1.
|
| 260 |
|
|
|a Brno :
|b Masarykova univerzita,
|c 2000
|
| 300 |
|
|
|a 137 s. ;
|c 24 cm
|
| 490 |
1 |
|
|a Spisy Masarykovy univerzity v Brně. Filozofická fakulta ;
|v č. 326
|
| 650 |
0 |
7 |
|a slavistika
|7 ph116178
|2 czenas
|
| 650 |
0 |
7 |
|a slovanské literatury
|7 ph125653
|2 czenas
|
| 650 |
0 |
7 |
|a literární vlivy
|7 ph138746
|2 czenas
|
| 655 |
|
7 |
|a srovnávací studie
|7 fd133583
|2 czenas
|
| 655 |
|
7 |
|a sborníky
|7 fd163935
|2 czenas
|
| 810 |
2 |
|
|a Masarykova univerzita.
|b Filozofická fakulta.
|t Spisy
|0 s
|
| 910 |
|
|
|a BOA001
|b 2-1075.378
|
| 990 |
|
|
|a BK
|
| 996 |
6 |
|
|b 2610118929
|c 2-1075.378
|l MZK
|r Sklad / do 1 hodiny
|n 10
|p p.v.
|w 000488574
|u 000010
|a 1
|e BOA001
|j MZK50
|s P
|